Compendium of Indian Medicinal Plants (Record no. 12027)
[ view plain ]
| 000 -LEADER | |
|---|---|
| fixed length control field | 00408nam a22001697a 4500 |
| 003 - CONTROL NUMBER IDENTIFIER | |
| control field | OSt |
| 008 - FIXED-LENGTH DATA ELEMENTS--GENERAL INFORMATION | |
| fixed length control field | 230511b |||||||| |||| 00| 0 eng d |
| 020 ## - INTERNATIONAL STANDARD BOOK NUMBER | |
| International Standard Book Number | 81-85042-14-4 |
| 100 ## - MAIN ENTRY--PERSONAL NAME | |
| Personal name | RUSTOGI,Ram.P |
| 245 ## - TITLE STATEMENT | |
| Title | Compendium of Indian Medicinal Plants |
| 250 ## - EDITION STATEMENT | |
| Edition statement | Repriented 2005 |
| 260 ## - PUBLICATION, DISTRIBUTION, ETC. (IMPRINT) | |
| Place of publication, distribution, etc | N.Delhi |
| Name of publisher, distributor, etc | NISCAIR |
| 300 ## - PHYSICAL DESCRIPTION | |
| Extent | 1060 |
| 650 ## - SUBJECT ADDED ENTRY--TOPICAL TERM | |
| Topical term or geographic name as entry element | PHARMACOGNOSY |
| 700 ## - ADDED ENTRY--PERSONAL NAME | |
| Personal name | Mehrotra,B.N |
| 942 ## - ADDED ENTRY ELEMENTS (KOHA) | |
| Source of classification or shelving scheme | Dewey Decimal Classification |
| Koha item type | Reference Books |
| Withdrawn status | Lost status | Source of classification or shelving scheme | Damaged status | Not for loan | Collection code | Home library | Current library | Date acquired | Source of acquisition | Currency | Cost, normal purchase price | Serial Enumeration / chronologySerial Enumeration / Volume No. | Bill Number | Total Checkouts | Full call number | Acc. no. / Barcode | Date last seen | Actual Cost, discounted price | Bill Date | Koha item type |
|---|---|---|---|---|---|---|---|---|---|---|---|---|---|---|---|---|---|---|---|---|
| Dewey Decimal Classification | B.Pharma | PIET C-LIBRARY | PIET C-LIBRARY | 06/05/2023 | Sangam Book Depot | RUPEES | 3515.00 | 5 (1990-1994) | IN-00023 | 615.32154 RAC | BP2105 | 11/05/2023 | 3163.50 | 01/05/2023 | Reference Books |